The dynamics of capitalism towrds continous growth (Record no. 433950)

000 -LEADER
fixed length control field 00325cam a22001097a 4500
008 - FIXED-LENGTH DATA ELEMENTS--GENERAL INFORMATION
fixed length control field 180718b1956 xxu||||| |||| 00| 0 eng d
082 ## - DEWEY DECIMAL CLASSIFICATION NUMBER
Classification number T111 W484
100 ## - MAIN ENTRY--PERSONAL NAME
Personal name Wendzel, Julius T.
245 ## - TITLE STATEMENT
Title The dynamics of capitalism towrds continous growth
Statement of responsibility, etc. by Julius T. Wendzel
260 ## - PUBLICATION, DISTRIBUTION, ETC.
Place of publication, distribution, etc. New York
Name of publisher, distributor, etc. Harper
Date of publication, distribution, etc. 1956
650 ## - SUBJECT ADDED ENTRY--TOPICAL TERM
Topical term or geographic name entry element Capitalism
Holdings
Withdrawn status Lost status Damaged status Not for loan Permanent Location Current Location Date acquired Full call number Barcode Date last seen Price effective from Koha item type
        Indian Institute of Public Administration Indian Institute of Public Administration 2010-02-11 T111 W484 5088 2018-07-21 2018-07-21 Book

Powered by Koha